History Quiz

Random History or State Quiz

50 states in order of statehood Quiz Stats

 Plays Quiz not verified by Sporcle

Support Sporcle.
Go Orange.
Score 0/50 Timer 08:00
0 Plays Today
The Year of Statehood The State % Correct
Dec. 1787Delaware
97.9%
Dec. 1787pennsylvania
92.4%
Dec. 1787new jersey
91.7%
Jan. 1788georgia
91.6%
Jan. 1788connecticut
86.3%
July 1788new york
84.3%
Feb. 1788massachusetts
83.2%
Apr. 1788maryland
82.5%
May 1788south carolina
81%
June 1788new hampshire
78.6%
June 1792kentucky
78.4%
Nov. 1789north carolina
77.9%
June 1788virginia
77.8%
Mar. 1791vermont
77.5%
May 1790rhode island
76.8%
Mar 1803ohio
75.6%
June 1796tennessee
75.1%
Dec. 1816indiana
74.1%
Dec. 1818illinois
72.7%
Mar 1845florida
71.7%
Apr. 1812louisiana
70.3%
Mar 1820maine
70.3%
Aug 1821missouri
69.4%
June 1836arkansas
68.4%
Dec. 1819alabama
68.1%
The Year of Statehood The State % Correct
May 1848wisconsin
67.5%
Dec. 1817mississippi
67.3%
Dec 1845texas
66.3%
Jan 1837michigan
66%
Sep 1850california
65.1%
Oct 1864nevada
65.1%
Jan 1959alaska
64.4%
Aug 1959hawaii
63.8%
May 1858minnesota
63.2%
Nov 1889washington
62.9%
Jan 1896utah
62.9%
July 1890idaho
61.9%
Aug 1876colorado
61.3%
Feb 1912arizona
60.5%
Mar 1867nebraska
59.8%
Feb 1859oregon
59.4%
Jan 1861kansas
58.6%
Nov 1889south dakota
57.8%
Dec 1846iowa
57.6%
Nov 1907oklahoma
57.3%
Jan 1912new mexico
56.2%
Nov 1889north dakota
55.9%
June 1863west virginia
54%
July 1890wyoming
53.3%
Nov 1889montana
52.1%

You're not logged in!

Compare scores with friends on all Sporcle quizzes.
OR
Log In

From the Vault

5-Star Box Office Actresses

by manonthemoon

These may not be their most critically acclaimed movies, but we love them all the same.
Remove Ads.
Support Sporcle.
Get the best of Sporcle when you Go Orange. This ad-free experience offers more features, more stats, and more fun while also helping to support Sporcle. Thank you for becoming a member.

Show Comments

Extras

Created Feb 16, 2011ReportNominate
Tags:State Quiz, Order

Top Quizzes Today


Score Distribution

Your Account Isn't Verified!

In order to create a playlist on Sporcle, you need to verify the email address you used during registration. Go to your Sporcle Settings to finish the process.

Report this User

Report this user for behavior that violates our Community Guidelines.

Details: